| 000 | 00639pam a2200205 a 4500 | ||
|---|---|---|---|
| 001 | 2141519 | ||
| 005 | 20251106134636.0 | ||
| 008 | 980217s1999 njuab b 001 0 eng | ||
| 020 | _a0135091918 | ||
| 020 | _a9780135091913 | ||
| 050 | 0 | 0 |
_aTX359 _b.E53 1999 |
| 082 | 0 | 0 |
_a363.8/56 _221 |
| 100 | 1 |
_aEndres, Jeannette Brakhane, _d1941- |
|
| 245 | 1 | 0 |
_aCommunity nutrition : _bchallenges and opportunities / _cJeannette Brakhane Endres. |
| 260 |
_aUpper Saddle River, N.J. : _bMerrill, _cc1999. |
||
| 300 |
_axx, 398 p. : _bill., map ; _c26 cm. |
||
| 650 | 0 | _aNutrition policy. | |
| 650 | 0 | _aCommunity health services. | |
| 942 |
_2lcc _cBK _n0 |
||
| 999 |
_c8131 _d8131 |
||